| 000 -LEADER |
| fixed length control field |
00876nam a22002057a 4500 |
| 005 - DATE AND TIME OF LATEST TRANSACTION |
| control field |
20221108132903.0 |
| 008 - FIXED-LENGTH DATA ELEMENTS--GENERAL INFORMATION |
| fixed length control field |
201105s2019 enk||||| |||| 00| 0 eng d |
| 020 ## - INTERNATIONAL STANDARD BOOK NUMBER |
| International Standard Book Number |
9783030169800x |
| 041 ## - LANGUAGE CODE |
| Language code of text/sound track or separate title |
eng |
| 080 ## - UNIVERSAL DECIMAL CLASSIFICATION NUMBER |
| Universal Decimal Classification number |
338.22 T-79 |
| 245 ## - TITLE STATEMENT |
| Title |
Tourist Destination Management : |
| Remainder of title |
Instruments, Products, and Case Studies |
| Statement of responsibility, etc. |
Nazmi Kozak (Editor), Metin Kozak (Editor). |
| 264 ## - PRODUCTION, PUBLICATION, DISTRIBUTION, MANUFACTURE, AND COPYRIGHT NOTICE |
| Place of production, publication, distribution, manufacture |
Izmir : |
| Name of producer, publisher, distributor, manufacturer |
Springer, |
| Date of production, publication, distribution, manufacture, or copyright notice |
2019. |
| 300 ## - PHYSICAL DESCRIPTION |
| Extent |
324 p.; |
| Other physical details |
24 cm. |
| 653 ## - INDEX TERM--UNCONTROLLED |
| keyword |
ტურისტული დანიშნულების მენეჯმენტი |
| 653 ## - INDEX TERM--UNCONTROLLED |
| keyword |
ინსტრუმენტები, პროდუქტები და საქმის შესწავლა |
| 653 ## - INDEX TERM--UNCONTROLLED |
| keyword |
ეკონომიკა |
| 700 ## - ADDED ENTRY--PERSONAL NAME |
| Personal name |
Kozak, Nazmi |
| Relator term |
რედაქტორი |
| 9 (RLIN) |
9724 |
| 700 ## - ADDED ENTRY--PERSONAL NAME |
| Personal name |
Kozak, Metin |
| Relator term |
რედაქტორი |
| 9 (RLIN) |
9725 |
| 942 ## - ADDED ENTRY ELEMENTS (KOHA) |
| Source of classification or shelving scheme |
|
| Koha item type |
წიგნი |